Bảo quản chế biến và những giải pháp phát triển ốn định cây vải, nhãn
Gorde:
| Egile nagusia: | |
|---|---|
| Formatua: | Liburua |
| Hizkuntza: | Undetermined |
| Argitaratua: |
H.
Nông nghiệp
2001
|
| Gaiak: | |
| Etiketak: |
Etiketa erantsi
Etiketarik gabe, Izan zaitez lehena erregistro honi etiketa jartzen!
|
| Thư viện lưu trữ: | Trung tâm Học liệu Trường Đại học Cần Thơ |
|---|
| LEADER | 00602nam a2200181Ia 4500 | ||
|---|---|---|---|
| 001 | CTU_50059 | ||
| 008 | 210402s9999 xx 000 0 und d | ||
| 082 | |a 664.028 | ||
| 082 | |b D513 | ||
| 100 | |a NGUYỄN MẠNH DŨNG | ||
| 245 | 0 | |a Bảo quản chế biến và những giải pháp phát triển ốn định cây vải, nhãn | |
| 245 | 0 | |c NGUYỄN MẠNH DŨNG | |
| 260 | |a H. | ||
| 260 | |b Nông nghiệp | ||
| 260 | |c 2001 | ||
| 650 | |a food processing,food industry and trade,food | ||
| 650 | |x preservation | ||
| 980 | |a Trung tâm Học liệu Trường Đại học Cần Thơ | ||